000
00338pab a2200145 454500
008
180718b1996 xxu||||| |||| 00| 0 eng d
100
_a
Gupta, K.N.
245
_a
Role of the crime analyst
_b
a global overview.
260
_c
1996
300
_a
p.16-23
362
_a
May
650
_a
Crime
773
_a
C.B.I. Bulletin
909
_a
31750
999
_c
31750
_d
31750